00456nam a2200121Ia 4500003000400000005001700004008004100021040001800062041000800080100004100088245017200129260003300301OSt20260128103434.0211028s2017 xx 000 0 und d cAIMIT LIBRARY aeng aShravyaraj, A;Rose, Swapna.g1516155 aProject report on the role of supervision motivational factors employee engagement in employee job satisfaction of on roll staffs at Central brand dot new. Mangalore / aMangaloewbSwapna Rosec2017